| 000 | 01286nam a2200385 c 4500 | ||
|---|---|---|---|
| 999 |
_c50624 _d50624 |
||
| 001 | 50624 | ||
| 003 | ES-MaCES | ||
| 005 | 20180405133922.0 | ||
| 008 | 180402s2017 sp | 000 | spa d | ||
| 017 |
_aAB 70-2018 _bDL |
||
| 020 | _a9788417310066 | ||
| 040 |
_aES-MaCES _bspa _cES-MaCES |
||
| 100 | 1 |
_916704 _aLlobera Vila, Mireia |
|
| 245 | 1 | 0 |
_aDerecho sindical y gobernanza europea _b: reformas estructurales en la zona euro : la respuesta del Derecho laboral internacional _cMireia Llobera Vila |
| 250 | _a1ª ed | ||
| 260 |
_aAlbacete _bBomarzo _c2017 |
||
| 300 |
_a128 p. _c21 cm |
||
| 490 | 1 |
_aTextos de intervención _v20 |
|
| 541 | _cCompra | ||
| 650 | 4 |
_acrisis económica _927102 |
|
| 650 | 4 |
_apolítica comunitaria _930776 |
|
| 650 | 4 |
_aajuste estructural _930358 |
|
| 650 | 4 |
_aflexibilidad del trabajo _930174 |
|
| 650 | 4 |
_areforma legislativa _929892 |
|
| 650 | 4 |
_aderechos sindicales _929470 |
|
| 650 | 4 |
_aderecho del trabajo _927165 |
|
| 650 | 4 |
_aderecho internacional _926684 |
|
| 650 | 4 |
_aderecho comunitario _929866 |
|
| 650 | 4 |
_aderecho jurisprudencial _929863 |
|
| 650 | 4 |
_aUE _926752 |
|
| 653 | 1 | 0 | _aDerecho del trabajo y Seguridad Social |
| 830 | 0 |
_aTextos de intervención _v20 _934451 |
|
| 902 | _aLIB Libro | ||
| 942 |
_2CES _cBK _h6.0.1. |
||